000 00255nam a2200109Ia 4500
008 190907s9999||||xx |||||||||||||| ||und||
100 _aDarrel Bristow
245 0 _aI Moved Your Cheese
260 _aNew Jersey
_bThomson
_c2003
300 _a96
942 _cBK
999 _c6550
_d6550